How do Economies in EU-CEE Cope with Labour Shortages? Study Update from wiiw Research Report 452

Guardado en:
Detalles Bibliográficos
Autor principal: Grieveson, Richard
Otros Autores: Hanzl-Weiss, Doris, Leitner, Sebastian, Astrov, Vasily
Formato: Libro
Lenguaje:inglés
Publicado: Vienna The Vienna Institute for International Economic Studies 2022
Materias:
Etiquetas: Agregar Etiqueta
Sin Etiquetas, Sea el primero en etiquetar este registro!

MARC

LEADER 00000nlm a2200000 4500
001 0291209
005 20240416114204.0
041 0 |a eng 
044 |a AT 
245 1 0 |a How do Economies in EU-CEE Cope with Labour Shortages?  |b Study Update from wiiw Research Report 452  |c Richard Grieveson ... [et al.] ; Vasily Astrov (coordinator) 
264 1 |a Vienna  |b The Vienna Institute for International Economic Studies  |c 2022 
300 |a 77 s. 
610 2 0 |a trh práce 
610 2 0 |a sily pracovné 
610 2 0 |a stredná Európa 
610 2 0 |a východná Európa 
610 2 0 |a odbory 
610 2 0 |a politika zamestnanosti 
610 2 0 |a politika migračná 
610 2 0 |a vzdelávanie 
610 2 0 |a populizmus 
100 1 |a Grieveson, Richard 
700 1 |a Hanzl-Weiss, Doris 
700 1 |a Leitner, Sebastian 
700 1 |a Astrov, Vasily